Football par lettre - P - Statistiques

Statistiques générales
  • Ce quiz a été pris 406 fois
  • Le résultat moyen est 8 sur 15
Statistiques - réponses
Hint Réponse % Correct
Le Roi Pelé
99%
Second poteau ... Benjamin Pavard
91%
Ballon d'or Marseillais Jean-Pierre Papin
80%
Capitaine du FB Barcelone pendant 10 ans Carles Puyol
78%
Club vainqueur de la C1 en 2004 Porto
68%
défenseur chauve du FC Nantes depuis 2017 Nicolas Pallois
64%
Sélection qui jusqu'en 2006 n'avait passé qu'une fois les poules de Coupe du Monde Portugal
61%
Le second club grec le plus titré Panathinaikos
54%
Le plus gros transfert de l'histoire d'Arsenal Nicolas Pepe
50%
Joueur Sud-coréen s'étant "enfui" de Lille pour signer avec Arsenal Park Chu-Young
36%
surnom de Diego Maradona El Pibe de Oro
34%
Club vainqueur de la C1 en 1988 PSV Eindhoven
26%
résidence de l'Equipe de France jusqu'en 1998 Parc des Princes
14%
"LeBron James du foot" Christian Pulisic
8%
Seul Argentin a avoir gagné 2 Coupes du Monde Daniel Passarella
8%
Aucun quiz correspondant
Distribution des résultats
% des personnes avec chaque résultat
Percentile par nombre de réponses
Votre historique - résultats
Vous n’avez pas pris ce quiz